000 00640nam a2200265Ia 4500
005 20260306164058.0
008 008 260114s9999 xx 000 0 eng d
020 _a9780226630656
037 _aEBOOK
040 _aCRL
040 _beng
040 _cCRL
041 _2eng
041 _aeng
084 _qCRL
100 _aStafford
245 0 _aRibbon Of Darkness: Inferencing From The Shadowy Arts And Sciences
260 _bUniversity of Chicago Press
260 _c2020
650 _aPhilosophy
856 _uhttps://academic.oup.com/book/31261
942 _cEBOOK
999 _c1712667
_d1712667